000 00421nam a2200169Ia 4500
003 IT-RoPAU
005 20220918175443.0
008 120407s9999 xx 000 0 und d
040 _aIT-RoPAU
040 _cIT-RoPAU
100 _aMarco Buonocore
_934516
245 _aBibliografia dei fondi manoscritti della biblioteca Vaticana 1968-1980
260 _aVaticana
300 _c cm
490 _v2
942 _cBK
_2ddc
999 _c12464
_d12464